00618cam a2200193 a 450000100100000000500170001000800410002704000250006808200170009310000470011024500570015726000570021430000270027149000190029850000320031765000220034965000260037165000270039700001939620200929170015.0790514s1965 sp 001 f spa d aDO-SdBNPbspacBNPHU a863.5bF363b1 aFernández Flórez, Wenceslaod1879-196413aEl bosque animado /cWenceslao Fernández Flórez. aMadrid, (España) :bEditorial Espasa-Calpe,c1965. a218, [16] p. ;c18 cm.1 aAustral.v1356 aIncluye índice de autores 4aNovela española 4aLiteratura española 4aVida cotidianaxNovela